BIBLIOTECA “JULIO CORTÁZAR”
ESCUELA AGROTÉCNICA “LIBERTADOR GENERAL SAN MARTÍN” - UNR – CASILDA

Logo Escuela Logo UNR

Diez bajistas : (Record no. 1777)

MARC details
000 -LEADER
campo de control de longitud fija 01208nam#a22003735a#4500
001 - NÚMERO DE CONTROL
campo de control 1777
008 - DATOS DE LONGITUD FIJA--INFORMACIÓN GENERAL
campo de control de longitud fija 110413s2008####ag#####e######001#jdspa#d
020 ## - NÚMERO INTERNACIONAL ESTÁNDAR DEL LIBRO
Número Internacional Estándar del Libro 9789871518098
080 ## - NÚMERO DE LA CLASIFICACIÓN DECIMAL UNIVERSAL
Número de la Clasificación Decimal Universal 82-82
084 ## - OTRO NÚMERO DE CLASIFICACIÓN
Número de clasificación D71
040 ## - FUENTE DE CATALOGACIÓN
Centro catalogador/agencia de origen AR-ClEAG
Centro/agencia transcriptor AR-ClEAG
005 - FECHA Y HORA DE LA ÚLTIMA TRANSACCIÓN
campo de control 20241107184721.0
003 - IDENTIFICADOR DE NÚMERO DE CONTROL
campo de control AR-ClEAG
100 1# - ENTRADA PRINCIPAL--NOMBRE DE PERSONA
Nombre de persona Carbonell, Alejo,
Término indicativo de función/relación compilador.
Relación com
245 10 - MENCIÓN DEL TÍTULO
Título Diez bajistas :
Resto del título antología de la nueva narrativa cordobesa /
Mención de responsabilidad, etc. compilado por Alejo Carbonell.
250 ## - MENCION DE EDICION
Mención de edición 1ª ed.
260 ## - PUBLICACIÓN, DISTRIBUCIÓN, ETC.
Lugar de publicación, distribución, etc. Villa María :
Nombre del editor, distribuidor, etc. Eduvim,
Fecha de publicación, distribución, etc. 2008.
300 ## - DESCRIPCIÓN FÍSICA
Extensión 93 p. ;
Dimensiones 21 p.
490 0# - MENCIÓN DE SERIE
Mención de serie Pajarito de agua ;
Designación de volumen o secuencia no. 6
500 ## - NOTA GENERAL
Nota general Incluye notas biográficas de los autores.
505 0# - NOTA DE CONTENIDO CON FORMATO
Mención de responsabilidad Ramirez, Santiago
Título La mesa
505 0# - NOTA DE CONTENIDO CON FORMATO
Mención de responsabilidad Tejerina, Hernán
Título Biografía de León
505 0# - NOTA DE CONTENIDO CON FORMATO
Mención de responsabilidad Vigna, Diego
Título Nos multiplican
505 0# - NOTA DE CONTENIDO CON FORMATO
Mención de responsabilidad Lamberti, Luciano
Título Puertas escondidas
505 0# - NOTA DE CONTENIDO CON FORMATO
Mención de responsabilidad Quintá, Javier
Título Las fiestas habían terminado
505 0# - NOTA DE CONTENIDO CON FORMATO
Mención de responsabilidad Fonseca, Diego
Título Bailarina de cabaret
505 0# - NOTA DE CONTENIDO CON FORMATO
Mención de responsabilidad Savino, Adrián
Título Emanuel
505 0# - NOTA DE CONTENIDO CON FORMATO
Mención de responsabilidad Pons, Sebastión
Título Desinteresadamente
505 0# - NOTA DE CONTENIDO CON FORMATO
Mención de responsabilidad Dema, Pablo
Título Jimmy
653 ## - TÉRMINO DE INDIZACIÓN--NO CONTROLADO
Término no controlado Antologías
653 ## - TÉRMINO DE INDIZACIÓN--NO CONTROLADO
Término no controlado Literatura argentina
653 ## - TÉRMINO DE INDIZACIÓN--NO CONTROLADO
Término no controlado Narrativa argentina
942 ## - ELEMENTOS DE ENTRADA SECUNDARIOS (KOHA)
Tipo de ítem Koha Libros
980 ## - EQUIVALENCIA O REFERENCIA-CRUZADA-MENCIÓN DE SERIE--NOMBRE DE PERSONA/TÍTULO [LOCAL, CANADÁ]
Enlace 2
Nombre de persona Evangelina Gallicchio
Enlace entre campo y número de secuencia 2
Información miscelánea Evangelina Gallicchio
Holdings
Estatus retirado Estado de pérdida Fuente del sistema de clasificación o colocación Estado de daño No para préstamo Biblioteca de origen Biblioteca actual Ubicación en estantería Fecha de adquisición Número de inventario Total de préstamos Signatura topográfica completa Código de barras Visto por última vez Precio de reemplazo Tipo de ítem Koha
    Clasificación decimal universal     Julio Cortázar Julio Cortázar   07/11/2024 3649   R20 82-82 D71 Ej.1 3649 07/11/2024 07/11/2024 Libros

Contacto

Biblioteca Julio Cortázar. Escuela Agrotécnica "Libertador San Martín". Universidad Nacional de Rosario
Dirección: Ov. Lagos 1000 - 2170 Casilda - Santa Fe - Argentina
Tel: (54) (03464) 422226.
Fax: (54) (03464) 427789.
E-Mail: biblio-eac@unr.edu.ar